Statistics for Tottenham Hotspur Squad 2021/22

Click here to take the quiz!

General Stats

  • This quiz has been taken 12 times
  • The average score is 20 of 39

Answer Stats

Shirt No.Answer% Correct
10Harry Kane
100%
7Heung-Min Son
100%
1Hugo Lloris
100%
33Ben Davies
91%
6Davinson Sánchez
91%
8Harry Winks
91%
27Lucas Moura
91%
4Cristian Romero
82%
12Emerson Royal
82%
15Eric Dier
73%
2Matt Doherty
73%
5Pierre-Emile Højbjerg
73%
3Sergio Reguilón
73%
23Steven Bergwijn
73%
18Giovani Lo Celso
64%
22Pierluigi Gollini
64%
30Rodrigo Bentancur
64%
19Ryan Sessegnon
64%
11Bryan Gil
55%
21Dejan Kulusevski
55%
25Japhet Tanganga
55%
29Oliver Skipp
55%
28Tanguy Ndombele
55%
44Dane Scarlett
45%
14Joe Rodon
45%
45Alfie Devine
36%
42Harvey White
27%
47Jack Clarke
27%
43Nile John
27%
41Alfie Whiteman
18%
40Brandon Austin
18%
49Dennis Cirkin
9%
48Maksim Paskotsi
9%
46Malachi Fagan-Walcott
9%
52Matthew Craig
9%
51Michael Craig
9%
53Brooklyn Lyons-Foster
0%
50Kallum Cesay
0%
55Romaine Mundle
0%

Score Distribution

Percentile by Number Answered

Percent of People with Each Score

Your Score History

You have not taken this quiz